000 00450nam a22001697a 4500
005 20180717141937.0
008 160525b xxu||||| |||| 00| 0 eng d
020 _a81-7808-591-7
041 _aeng
082 _b4824
_a658.1511
100 _aHorngren, Sundem and Staratton
_91204
245 _aIntroduction to Management Accounting
260 _aNew Delhi
_bAcademic Faundation
_c2002
300 _a789p,
650 _aManagement
_9241
942 _cBK
999 _c1654
_d1653